书目信息 |
| 题名: |
范文创作谈
|
|
| 作者: | 张昌华 , 许靖江 编 | |
| 分册: | 初中三年级分册 | |
| 出版信息: | 北京 中国文联出版公司 1984 |
|
| 页数: | 74页 | |
| 开本: | 19cm | |
| 丛书名: | ||
| 单 册: | ||
| 中图分类: | H193.6 | |
| 科图分类: | ||
| 主题词: | 汉语--语言教学 | |
| 电子资源: | ||
| ISBN: | ||
| 000 | 00782nam0 2200265 45 | |
| 001 | 0184004630 | |
| 005 | 20040426150852.5 | |
| 010 | @dCNY0.43 | |
| 091 | @a103555.185 | |
| 100 | @a19950602d1984 em y0chiy0121 ea | |
| 101 | 0 | @achi |
| 102 | @aCN@b110000 | |
| 105 | @ay z 000yy | |
| 106 | @ar | |
| 200 | 10 | @a范文创作谈@Afan wen chuang zuo tan@e课文作者谈创作@h初中三年级分册@f张昌华,许靖江编 |
| 210 | @a北京@c中国文联出版公司@d1984 | |
| 215 | @a74页@d19cm | |
| 517 | 1 | @a课文作者谈创作@Ake wen zuo zhe tan chuang zuo |
| 606 | 0 | @a汉语@x语言教学 |
| 690 | @aH193.6@v3 | |
| 701 | 0 | @a张昌华@Azhang chang hua@4编 |
| 701 | 0 | @a许靖江@Axu jing jiang@4编 |
| 801 | 0 | @aCN@b上海图书馆@c20040426 |
| 801 | 2 | @aCN@bNLC@c20040426 |
| 905 | @f1@b172750@f1@b172749@dH193.6@e114:3 | |
| 范文创作谈:课文作者谈创作.初中三年级分册/张昌华,许靖江编.-北京:中国文联出版公司,1984 |
| 74页;19cm |
| ISBN :CNY0.43 |
| ● |
| 相关链接 |
|
|
|
|
正题名:范文创作谈
索取号:H193.6/114:3
 
预约/预借
| 序号 | 登录号 | 条形码 | 馆藏地/架位号 | 状态 | 备注 |
| 1 | 0172749 | 000841334 | 密集书库/ [索取号:H193.6/114:3] | 在馆 | |
| 2 | 0172750 | 000841290 | 第四借阅区/ [索取号:H193.6/114:3] | 在馆 | |
| 3 | 0172751 | 000841343 | 第二样本阅览室/ [索取号:H193.6/114:3] | 在馆 |